00864nam a2200265 i 450000100060000000300090000600500170001500700030003200800410003502000180007604000220009408000170011610000220013324500990015525000120025426000820026630000540034849000270040250400400042961000220046965000230049170000240051483000270053885200330056566488ES-MaACL20230906165650.0t|021115s2002 ag ||||0| spa d a950-15-2127-3 aM-BN bspa cM-BN a929.71 (091)1 aRead, Piers Paul.14aLos templarios b: monjes y guerreros / cPiers Paul Read ; [traducción, Gerardo Gambolini]. a2ª ed. aBuenos Aires : bJavier Vergara Editor, c2002 (eBarcelona :fLiberdúplex) a399 p., [16] h. de lám : bmap., il. ; c25 cm.1 aBiografía e historia aBibliografía: p. 373-376. Indice.24aOrden del Temple.14aOrdenes militares.1 aGambolini, Gerardo.0 aBiografía e historia aES-MaACLjL-26957 bR.132551